| 000 | 00494 a2200181 4500 | ||
|---|---|---|---|
| 003 | OSt | ||
| 005 | 20231128095943.0 | ||
| 008 | 231128b |||||||| |||| 00| 0 eng d | ||
| 020 | _a9789350780350 | ||
| 040 | _coclc | ||
| 082 |
_a591.6 _bSHU/E |
||
| 100 |
_aShukla G S _99959 |
||
| 245 |
_aEconomic Zoology / _cG S Shukla |
||
| 250 | _a5th ed. | ||
| 260 |
_aNew Delhi: _bRastogi Publications, _c2023. |
||
| 300 | _a375p | ||
| 942 |
_2ddc _cBK _h591.6 _iSHU/E _k591.6 _mSHU/E |
||
| 999 |
_c43694 _d43694 |
||